000 01437cam a2200277 i 4500
003 SA-RiAUC
005 20260307140122.0
008 260112q19001999ua g 000 0cara c
040 _aEG-CaDAJ
_bara
_cSA-RiAUC
_erda
082 0 4 _a239.8
_qSA-RiAUC
090 _aم ن 239.8
_bش ب ر
100 1 _aالشبراوي، عبد الله بن محمد بن عامر،
_d1091-1171 هجري
_eمؤلف.
245 1 2 _aالإتحاف بحب الأشراف /
_cعبد الله الشبراوي. وبهامشه حسن التوسل في آداب زيارة أفضل الرسل / عبد القادر الفاكهي.
264 1 _a[مكان النشر غير محدد] :
_b[الناشر غير محدد]،
_c[بين 1900 و1999]
264 3 _aالقاهرة :
_bالمطبعة الأدبية
300 _a277 صفحة ؛
_c29 سم
336 _aنص
_btxt
_2rdacontent
_3كتاب
337 _aبدون وسيط
_bn
_2rdamedia
338 _aمجلد
_bnc
_2rdacarrier
600 0 7 _aمحمد (صلى الله عليه وسلم)،
_d53 قبل الهجرة-11 هجري
_xعائلة
_2aucnm
650 7 _aأهل بيت الرسول
_2aucsh
650 7 _aالسيرة النبوية
_2aucsh
700 1 2 _iمع (عمل) :
_aالفاكهي، عبد القادر بن أحمد بن علي،
_d920-982 هجري
_tحسن التوسل في آداب زيارة أفضل الرسل.
942 _2ddc
_cRBOOK COPY
_n0
949 _aSA-JeALM
_d260112
_umohamedma123
_n1
999 _c14168
_d14168